000 00549cam a2200205 i 4500
001 1364386
003 OSt
005 20130606141452.0
008 800613s1977 sp 000 0 spa
020 _a84-239-1510-7
040 _aDLC
_cBMC
082 0 0 _a862.6
100 _9670
_aBuero Vallejo, Antonio
_d1916-2000
245 1 0 _aEn la ardiente oscuridad ; Un soñador para un pueblo
_cAntonio Buero Vallejo
250 _a4ª ed
260 _aMadrid
_bEspasa-Calpe
_c1978
300 _a208 p.
_c18 cm
490 0 _aAustral
_v1510
942 _2ddc
_cBK
999 _c572
_d572